000 00509 a2200217 4500
260 _aWageningen
100 _aDEVIR, S.
260 _bLandbouw Universiteit
300 _a170 p.
245 _aThe dairy control and management system in the robotic milking farm
650 _aContrôle laitier
650 _aTraite
650 _aGestion
300 _bill. 24 cm.
260 _c1995
130 _lEn
690 _aSystème de gestion
020 _a90-5484-441-3
999 _c27610
_d27610